[Event "Doha AAB op 5th"]
[Site "Doha"]
[Date "2021.11.20"]
[Round "7"]
[White "Abdulla, Mohammed Al Homaid"]
[Black "Naperi, Enrique"]
[Result "1/2-1/2"]
[WhiteElo "1319"]
[BlackElo "1908"]
[PlyCount "108"]
[EventDate "2021.11.12"]
[EventType "swiss"]
[EventRounds "7"]
[EventCountry "QAT"]
[SourceTitle "CBM 205 Extra"]
[Source "ChessBase"]
[SourceDate "2022.01.31"]
[SourceVersion "1"]
[SourceVersionDate "2022.01.31"]
[SourceQuality "1"]

1. e4 g6 2. d4 Bg7 3. Nf3 c5 4. dxc5 Qa5+ 5. c3 Qxc5 6. Be3 Qc7 7. Bd4 f6 8. Na3 Nc6 9. Nb5 Qb8 10. a4 Nh6 11. Bc4 a6 12. Na3 Nxd4 13. cxd4 e6 14. 0-0 Nf7 15. Bd3 0-0 16. Re1 Bh6 17. Qb3 g5 18. Nd2 g4 19. Ndc4 Qf4 20. Bf1 Kh8 21. Qg3 Rg8 22. Qxf4 Bxf4 23. Nb6 Rb8 24. Nac4 h5 25. e5 fxe5 26. dxe5 Rg5 27. Rad1 Nxe5 28. Nxe5 Bxe5 29. Nxd7 Bxd7 30. Rxd7 b5 31. axb5 axb5 32. b3 Rb6 33. Rc1 Rg7 34. Rc8+ Kh7 35. Rcd8 Rxd7 36. Rxd7+ Kh6 37. g3 Kg5 38. Be2 Bd6 39. Kg2 e5 40. h3 gxh3+ 41. Kxh3 Bc5 42. Rd5 Bd4 43. Rxb5 Rf6 44. f4+ Kf5 45. Bd3+ Ke6 46. fxe5 Bxe5 47. Bc4+ Kf5 48. Kh4 Ke4 49. Rb7 Rg6 50. Re7 Kd4 51. Rd7+ Kc3 52. Rd3+ Kb4 53. Kxh5 Rxg3 54. Rxg3 Bxg3 1/2-1/2